Estatísticas para Países do Mundo com Mapa Vazio - Versão Difícil

Clique aqui para jogar o quiz

Estatísticas Gerais

  • Esse quiz foi jogado 1 498 vezes
  • A pontuação média é 163 de 196

Respostas no mapa

Respostas codificadas por cores de uma escala verde-vermelha no mapa do quiz de acordo com a % correta abaixo.
 

Estatísticas das Respostas

Country% Correto
Brasil
96%
Argentina
94%
Canadá
94%
Estados Unidos
94%
Colômbia
93%
Bolívia
92%
Chile
92%
França
92%
México
92%
Paraguai
92%
Rússia
92%
Uruguai
92%
Alemanha
91%
Espanha
91%
Guiana
91%
Peru
91%
Venezuela
91%
China
90%
Equador
90%
Portugal
90%
Austrália
89%
Índia
89%
Itália
89%
Panamá
89%
Polônia
89%
Suriname
89%
África do Sul
88%
Áustria
88%
Dinamarca
88%
Egito
88%
Honduras
88%
Irã
88%
Japão
88%
Reino Unido
88%
Suécia
88%
Suíça
88%
Ucrânia
88%
Angola
87%
Cazaquistão
87%
Coreia do Norte
87%
Coreia do Sul
87%
Costa Rica
87%
Cuba
87%
El Salvador
87%
Finlândia
87%
Guatemala
87%
Marrocos
87%
Mongólia
87%
Nicarágua
87%
Noruega
87%
Arábia Saudita
86%
Argélia
86%
Bélgica
86%
Bielorrússia
86%
Eslováquia
86%
Eslovênia
86%
Grécia
86%
Haiti
86%
Indonésia
86%
Iraque
86%
Jamaica
86%
Letônia
86%
Lituânia
86%
Nova Zelândia
86%
República Tcheca
86%
Afeganistão
85%
Belize
85%
Croácia
85%
Guiné
85%
Hungria
85%
Irlanda
85%
Islândia
85%
Kosovo
85%
Líbia
85%
Niger
85%
Paquistão
85%
República Democrática do Congo
85%
Republica do Congo
85%
Sérvia
85%
Sudão
85%
Turquia
85%
Estônia
84%
Holanda
84%
Israel
84%
Luxemburgo
84%
Macedônia do Norte
84%
Moçambique
84%
Nepal
84%
Nigéria
84%
Omã
84%
Romênia
84%
Vaticano
84%
Andorra
83%
Bahamas
83%
Butão
83%
Camarões
83%
Etiópia
83%
Madagascar
83%
Mali
83%
República Centro-Africana
83%
República Dominicana
83%
Sudão do Sul
83%
Tailândia
83%
Uzbequistão
83%
Zâmbia
83%
Zimbábue
83%
Albânia
82%
Bósnia e Herzegovina
82%
Botswana
82%
Catar
82%
Chade
82%
Costa do Marfim
82%
Gana
82%
Guiné-Bissau
82%
Iêmen
82%
Montenegro
82%
Senegal
82%
Síria
82%
Somália
82%
Tunísia
82%
Turcomenistão
82%
Azerbaijão
81%
Birmânia
81%
Bulgária
81%
Chipre
81%
Fiji
81%
Filipinas
81%
Geórgia
81%
Guiné Equatorial
81%
Jordânia
81%
Laos
81%
Malásia
81%
Malta
81%
Mauritânia
81%
Moldávia
81%
Mônaco
81%
Quênia
81%
Quirguistão
81%
Tajiquistão
81%
Togo
81%
Vietnã
81%
Armênia
80%
Cabo Verde
80%
Camboja
80%
Dominica
80%
Emirados Árabes Unidos
80%
Gabão
80%
Lesoto
80%
Líbano
80%
Namíbia
80%
San Marino
80%
Trinidad e Tobago
80%
Uganda
80%
Barbados
79%
Eritreia
79%
Libéria
79%
Papua Nova Guiné
79%
Ruanda
79%
Sri Lanka
79%
Bangladesh
78%
Liechtenstein
78%
Palau
78%
São Tomé e Príncipe
78%
Taiwan
78%
Tanzânia
78%
Benim
77%
Burkina Faso
77%
Estados Federados da Micronésia
77%
Kuwait
77%
Malawi
77%
Santa Lúcia
77%
Serra Leoa
77%
Singapura
77%
Antígua e Barbuda
76%
Essuatíni
76%
Gâmbia
76%
Ilhas Marshall
76%
Kiribati
76%
Maldivas
76%
Maurício
76%
São Cristóvão e Nevis
76%
São Vicente e Granadinas
76%
Tuvalu
76%
Bahrein
75%
Burundi
75%
Comores
75%
Djibouti
75%
Granada
75%
Nauru
75%
Seychelles
75%
Tonga
75%
Vanuatu
75%
Brunei
74%
Ilhas Salomão
74%
Timor-leste
74%
Samoa
73%

Distribuição das Pontuações

Percentil de Números Respondidos

Porcentagem de Pessoas com Cada Pontuação

Sua Pontuação Histórica

Você não jogou esse quiz